UBT Library

AT THE BOUNDARIES OF LAW (Record no. 17518)

000 -LEADER
fixed length control field 00294nam a22001337a 4500
008 - FIXED-LENGTH DATA ELEMENTS--GENERAL INFORMATION
fixed length control field 170615b xxu||||| |||| 00| 0 eng d
020 ## - INTERNATIONAL STANDARD BOOK NUMBER
International Standard Book Number 9780415903066
041 ## - LANGUAGE CODE
Language code of text/sound track or separate title eng
080 ## - UNIVERSAL DECIMAL CLASSIFICATION NUMBER
Universal Decimal Classification number 34
100 ## - Rafti
Rafti 15
101 ## - Shkurtesa
Shkurtesa SHJ
245 ## - TITLE STATEMENT
Title AT THE BOUNDARIES OF LAW
Statement of responsibility, etc FINEMAN,M.A
942 ## - ADDED ENTRY ELEMENTS (KOHA)
Source of classification or shelving scheme
Item type Books
Holdings
Withdrawn status Lost status Source of classification or shelving scheme Damaged status Not for loan Collection code Permanent location Current location Shelving location Date acquired Total Checkouts Full call number Barcode Date last seen Price effective from Koha item type
          Koleksioni i përgjithshem UBT - Lipjan UBT - Lipjan Koleksioni i përgjithshem 06/15/2017   34 FIN 002-29058653 06/15/2017 06/15/2017 Books
          Koleksioni i përgjithshem UBT - Lipjan UBT - Lipjan   01/26/2024   32FIN 002-800070562 01/26/2024 01/26/2024 Books
UBT Library © 2015-2024. All rights reserved University Education for Business and Technology